Normal view MARC view
  • Bustamante, Carlos María de,

Entry Nombre Personal

Number of records used in: 2

001 - NUMERO DE CONTROL

  • campo de control: 36219

003 - IDENTIFICADOR DE NUMERO DE CONTROL

  • campo de control: UPN

005 - FECHA Y HORA DE LA ÜLTIMA TRANSACCIÓN

  • campo de control: 20230302134244.0

008 - DATOS DE LONGITUD FIJA

  • campo de control de longitud fija: nabaccnnaabn|||||||||| b |nc|||||d

035 ## - NUMERO DE CONTROL

  • Número de control: UPN11000008326

040 ## - FUENTE DE CATALOGACIÓN

  • Lenguaje de catalogación: spa
  • Agencia de transcripción: MX-MxUPN
  • Agencia original de catalogación: MX-MxUPN

100 1# - ENCABEZAMIENTO - NOMBRE PERSONAL

  • Nombre personal: Bustamante, Carlos María de,
  • Fechas asociadas con el nombre: 1774-1848

400 1# - VEÁSE - NOMBRE DE PERSONA

  • Personal name: Bustamante, Carlos María de,
  • Dates associated with a name: 1774-1848

400 0# - VEÁSE - NOMBRE DE PERSONA

  • Personal name: C. M. B.

400 1# - VEÁSE - NOMBRE DE PERSONA

  • Personal name: B., C. M.

500 0# - MENCIÓN DE REFERENCIA “VÉASE ADEMÁS”- NOMBRE DE PERSONA

  • Personal name: Censor de Antequera

670 ## - FUENTE EN LA QUE SE LOCALIZARON DATOS

  • Cita de la fuente: T
  • Información localizada: Diccionario Porrúa de historia, biografía y geografía de México

670 ## - FUENTE EN LA QUE SE LOCALIZARON DATOS

  • Cita de la fuente: En su obra: Resúmen histórico de la revolución de los Estados Unidos Mejicanos, c1983:
  • Información localizada: portada (Lic. D. Carlos María Bustamante)

670 ## - FUENTE EN LA QUE SE LOCALIZARON DATOS

  • Cita de la fuente: Tercero juguetillo, 1812:
  • Información localizada: página 21 (El censor de Antequera)

670 ## - FUENTE EN LA QUE SE LOCALIZARON DATOS

  • Cita de la fuente: Temblores de México, 1837:
  • Información localizada: página 9 (C.M.B.)

675 ## - FUENTE CONSULTADA SIN DATOS

  • Source citation: 500 años de México en sus documentos WWW site, Dec. 5, 2011: Siglo XIX, 1810-1819 (Censor de Antequera, pseud. used by Carlos María Bustamante in his Juguetillo series)

680 ## - NOTA PUBLICA DE ACCESO PÚBLICO

  • Encabezamiento o subdivisión: Abogado, cronista, historiador, periodista y político mexicano

902 ## - CATALOGADOR

  • Catalogador: CAA/021214

902 ## - CATALOGADOR

  • Catalogador: NDAF/020323